01226cam a22002414a 45000010005000000030008000050050017000130080039000300200015000690350018000840400032001020410008001340820032001421110102001742450143002762600064004193000039004835000139005225040051006616500085007127000030007978560157008273536BD-RjUL20211208233740.0131219s2003 enkab b 101 0 eng a184376122X a(BD-RjUL)3570 aDLCcDLCdDLCdBD-RjULbeng aeng00a333.910091724221bSYE 20032 aSymposium on Water Resource Management--Efficiency, Equity, and Policyd(2000 :cNicosia, Cyprus)14aThe economics of water management in developing countries :bproblems, principles and policies /cedited by Phoebe Koundouri ... [et al.]. aCheltenham, UK ;aNorthhampton, MA :bEdward Elgar,cc2003. axi, 278 p. :bill., maps ;c24 cm. aPapers presented at the Symposium on Water Resource Management--Efficiency, Equity, and Policy held in Nicosia, September 22-24, 2000. aIncludes bibliographical references and index. 0aWater resources developmentxEconomic aspectszDeveloping countriesvCongresses.1 aKoundouri, Phoebe,d1974- uhttp://www.worldcat.org/title/economics-of-water-management-in-developing-countries-problems-principles-and-policies/oclc/51900564&referer=brief_results